000
00335nam a2200133Ia 4500
008
231129s1986||||xx |||||||||||||| ||spa||
020
_a
84-7634-678-6
040
_b
spa
082
_a
620.8 M489
245
0
_a
Medio ambiente y electronica
260
_c
1986
264
_a
Orbis
942
_2
ddc
_c
BKS
999
_c
20874
_d
20874